000 00704cad a22002175a 4500
001 L150076
005 20260527162629.0
008 100601s2010 xxk f 000 0 eng d
035 _a(Sirsi) u150076
041 0 _aeng
050 0 4 _a695 $1 8
110 2 _aRICS Building Control Professional Group
_bRoyal Institution of Chartered Surveyors
_95853
245 0 0 _aRaised tie roof construction
260 _aLondon
_bRICS
_c2010
300 _a2p.
520 _aGuidance on raised tie roof construction from the RICS Building Control Professional Group; diagrams; measurements.
590 _aKA NTK
651 4 _aUnited Kingdom
690 _aBUILT ENVIRONMENT-CONSTRUCTION DESIGN
942 _n0
_2ddc
999 _c110723
_d110723